| Tag |
First Indicator |
Second Indicator |
Subfields |
| LEADER |
00000cam a2200000 4500 |
| 001 |
in00000021235 |
| 005 |
20151007062238.0 |
| 008 |
750418s1905 nyu 00010beng u |
| 010 |
|
|
|a 05013310
|
| 035 |
|
|
|a (OCoLC)01286727
|
| 035 |
|
|
|9 AAD4327AM
|
| 040 |
|
|
|c NHM
|d TXA
|d UtOrBLW
|
| 049 |
|
|
|a TXAM
|c 1 [2844], 2 [159612]
|
| 050 |
0 |
0 |
|a PS2657
|b .P4
|
| 092 |
|
|
|a 818
|b P933Yp
|
| 100 |
1 |
|
|a Peck, Harry Thurston,
|d 1856-1914.
|
| 245 |
1 |
0 |
|a William Hickling Prescott /
|c by Harry Thurston Peck.
|
| 264 |
|
1 |
|a New York [etc.] :
|b The Macmillan company,
|c 1905.
|
| 300 |
|
|
|a x pages, 1 ., 186 pages ;
|c 20 cm.
|
| 336 |
|
|
|a text
|b txt
|2 rdacontent
|
| 337 |
|
|
|a unmediated
|b n
|2 rdamedia
|
| 338 |
|
|
|a volume
|b nc
|2 rdacarrier
|
| 490 |
1 |
|
|a English men of letters
|
| 600 |
1 |
0 |
|a Prescott, William Hickling,
|d 1796-1859.
|
| 830 |
|
0 |
|a English men of letters.
|
| 999 |
|
|
|a MARS
|
| 999 |
f |
f |
|s 7b7db489-dac7-3055-8a94-4d5c7f5b5739
|i 18cf81ab-e384-329c-97f5-e3679ab47c1f
|t 0
|
| 952 |
f |
f |
|p ric
|a Texas A&M University
|b Rellis Campus
|c Joint Library Facility
|s JLF
|d Remote Storage
|t 0
|e PS2657 .P4
|h Library of Congress classification
|i unmediated -- volume
|m A14809741985
|
| 998 |
f |
f |
|a PS2657 .P4
|t 0
|l Remote Storage
|